| 000 | 00457nam a2200169Ia 4500 | ||
|---|---|---|---|
| 008 | 220531s9999 xx 000 0 und d | ||
| 041 | _amar | ||
| 100 |
_aडोर्इफोडे ज्योती. _951511 |
||
| 245 | _aमूलभूत सामाजिक विचार | ||
| 250 | _a1ST | ||
| 260 |
_bVidya _c2005 |
||
| 300 | _a275 | ||
| 542 | _d18-02-2008 | ||
| 650 |
_aSociology _951512 |
||
| 906 | _d2007-2008 | ||
| 999 |
_c29972 _d29972 |
||